[Event "1st Bristol NY Open Tournament"]
[Site "Bristol Bridge & Clifton Chess"]
[Date "2024.12.28"]
[Round "2.22"]
[White "Marston, Alastair Jd"]
[Black "Taylor, Noah"]
[Result "1/2-1/2"]
[WhiteElo "1756"]
[BlackElo "1498"]
[PlyCount "44"]
[GameId "2135817876915904"]
[EventDate "2024.12.27"]
[SourceTitle "Bristol_NY24_Fide_Open"]
[Source "David Tipper"]
[SourceDate "2025.02.16"]
[SourceVersion "1"]
[SourceVersionDate "2025.02.16"]
[SourceQuality "2"]

1. c4 e5 2. Nc3 Nf6 3. Nf3 Nc6 4. g3 Bc5 5. Bg2 d6 6. b3 Bf5 7. h3 O-O 8. Bb2 h6 9. O-O Qd7 10. Kh2 Kh8 11. d3 Rg8 12. Nd2 g5 13. Nde4 Nxe4 14. dxe4 Be6 15. e3 g4 16. h4 h5 17. Nd5 Rg6 18. Nf4 Rh6 19. Nd3 Bb6 20. Qc2 a6 21. Rad1 Qe7 22. a3 a5 1/2-1/2

[Event "1st Bristol NY Open Tournament"]
[Site "Bristol Bridge & Clifton Chess"]
[Date "2024.12.28"]
[Round "2.23"]
[White "Plotnikov, Matvii"]
[Black "George, Naveen Daniel"]
[Result "1-0"]
[WhiteElo "1640"]
[BlackElo "1483"]
[PlyCount "81"]
[GameId "2135843421652690"]
[EventDate "2024.12.27"]
[SourceTitle "Bristol_NY24_Fide_Open"]
[Source "David Tipper"]
[SourceDate "2025.02.16"]
[SourceVersion "1"]
[SourceVersionDate "2025.02.16"]
[SourceQuality "2"]

1. Nf3 Nf6 2. c4 g6 3. b4 Bg7 4. Bb2 O-O 5. g3 d6 6. Bg2 c5 7. b5 a6 8. a4 axb5 9. axb5 Rxa1 10. Bxa1 Be6 11. Qa4 Nbd7 12. Ng5 Bf5 13. e4 Nb6 14. Qb3 Bd7 15. Nc3 h6 16. Nf3 Nxe4 17. Nxe4 Bxa1 18. d4 cxd4 19. O-O Bc3 20. Nxc3 dxc3 21. Qxc3 Qc7 22. Qe3 Kg7 23. Rc1 Be6 24. c5 dxc5 25. Rxc5 Qd6 26. Nd4 Bc8 27. h3 Kh7 28. Nf3 Nd7 29. Rc3 b6 30. Rc6 Qd1+ 31. Kh2 e6 32. Qa3 Bb7 33. Rd6 Ra8 34. Rxd1 Rxa3 35. Rxd7 Bxf3 36. Rxf7+ Kg8 37. Rxf3 Ra5 38. Rb3 Ra2 39. Kg1 Ra1+ 40. Bf1 Kf7 41. Rc3 1-0

[Event "1st Bristol NY Open Tournament"]
[Site "Bristol Bridge & Clifton Chess"]
[Date "2024.12.28"]
[Round "2.24"]
[White "Bourne, Patrick"]
[Black "Mussa, Rayyan"]
[Result "0-1"]
[WhiteElo "1365"]
[BlackElo "1615"]
[PlyCount "58"]
[GameId "2136259439855577"]
[EventDate "2024.12.27"]
[SourceTitle "Bristol_NY24_Fide_Open"]
[Source "David Tipper"]
[SourceDate "2025.02.16"]
[SourceVersion "1"]
[SourceVersionDate "2025.02.16"]
[SourceQuality "2"]

1. d4 Nf6 2. Bg5 g6 3. Bxf6 exf6 4. e3 Bg7 5. c4 O-O 6. Nc3 Re8 7. Nf3 Nc6 8. Be2 d6 9. O-O Ne7 10. Rc1 c6 11. d5 f5 12. Qd2 c5 13. Rfe1 Kh8 14. h4 Ng8 15. Ng5 Re7 16. Bd3 h6 17. Nf3 Nf6 18. e4 fxe4 19. Bxe4 Bd7 20. Qd3 Nxe4 21. Rxe4 Bf5 22. Rce1 Bxe4 23. Rxe4 Rxe4 24. Qxe4 Qd7 25. Qf4 a6 26. Ne4 Rd8 27. b3 Qf5 28. Qe3 Re8 29. Nxd6 Qb1+ 0-1

[Event "1st Bristol NY Open Tournament"]
[Site "Bristol Bridge & Clifton Chess"]
[Date "2024.12.28"]
[Round "2.25"]
[White "Krautsova, Diana"]
[Black "Hu, Hector"]
[Result "1/2-1/2"]
[WhiteElo "1586"]
[BlackElo "1405"]
[PlyCount "61"]
[GameId "2136982308372608"]
[EventDate "2024.12.27"]
[SourceTitle "Bristol_NY24_Fide_Open"]
[Source "David Tipper"]
[SourceDate "2025.02.16"]
[SourceVersion "1"]
[SourceVersionDate "2025.02.16"]
[SourceQuality "2"]

1. c4 Nf6 2. Nc3 g6 3. d4 Bg7 4. g3 O-O 5. Bg2 c6 6. Nf3 d5 7. cxd5 Nxd5 8. Nxd5 cxd5 9. O-O Nc6 10. e3 Bg4 11. Bd2 e5 12. dxe5 Nxe5 13. h3 Nxf3+ 14. Bxf3 Bxh3 15. Re1 Bf5 16. Bc3 Bxc3 17. bxc3 Be4 18. Bxe4 dxe4 19. Qb1 Qe7 20. Kg2 Rac8 21. Qb3 Rfd8 22. Red1 Qc7 23. Rxd8+ Rxd8 24. Rc1 b6 25. Qb4 Qc5 26. Qxe4 Qd5 27. Qxd5 Rxd5 28. Rc2 Rc5 29. Kf1 Kg7 30. Ke2 Kf6 31. f4 1/2-1/2

[Event "1st Bristol NY Open Tournament"]
[Site "Bristol Bridge & Clifton Chess"]
[Date "2024.12.28"]
[Round "2.26"]
[White "Mussa, Adam"]
[Black "Fearnhead, Joseph T"]
[Result "1-0"]
[WhiteElo "1259"]
[BlackElo "1579"]
[PlyCount "123"]
[GameId "2136983433818270"]
[EventDate "2024.12.27"]
[SourceTitle "Bristol_NY24_Fide_Open"]
[Source "David Tipper"]
[SourceDate "2025.02.16"]
[SourceVersion "1"]
[SourceVersionDate "2025.02.16"]
[SourceQuality "2"]

1. e4 c6 2. d4 d5 3. exd5 cxd5 4. Bd3 Nc6 5. c3 Qc7 6. h3 g6 7. Nf3 Bg7 8. O-O Nf6 9. Bg5 O-O 10. Nbd2 e5 11. dxe5 Nxe5 12. Nxe5 Qxe5 13. Nf3 Qd6 14. Qd2 Rd8 15. Rad1 b6 16. Bf4 Qc6 17. Ne5 Qb7 18. Rfe1 Be6 19. Re3 d4 20. Ree1 dxc3 21. Qxc3 Rac8 22. Qa3 b5 23. Bg5 h6 24. Bxf6 Bxf6 25. Nxg6 b4 26. Qa4 Qb6 27. Nf4 Re8 28. Nxe6 Rxe6 29. Rxe6 fxe6 30. Qd7 Rc7 31. Qe8+ Kg7 32. Qg6+ Kf8 33. Qxf6+ Rf7 34. Qxh6+ Ke7 35. Qg5+ Kf8 36. Qg3 Rg7 37. Bg6 Kg8 38. Qd3 Rc7 39. Qg3 Rg7 40. Bh7+ Kxh7 41. Qd6 Rf7 42. Qxb6 axb6 43. Rd6 Rc7 44. Rxb6 Rc1+ 45. Kh2 Rc2 46. Rxb4 Rxf2 47. a4 Rf5 48. Rb5 Rf8 49. a5 Kg6 50. Kg3 Rd8 51. Kf4 Kf6 52. g4 Rd4+ 53. Ke3 Ra4 54. b3 Ra1 55. b4 Rh1 56. a6 Rxh3+ 57. Kf4 Ra3 58. Ra5 Rc3 59. a7 e5+ 60. Rxe5 Rc4+ 61. Re4 Rc8 62. b5 1-0

[Event "1st Bristol NY Open Tournament"]
[Site "Bristol Bridge & Clifton Chess"]
[Date "2024.12.28"]
[Round "2.27"]
[White "Saha, Soumil"]
[Black "Burton, Henry"]
[Result "1-0"]
[WhiteElo "1577"]
[BlackElo "1194"]
[PlyCount "87"]
[GameId "2136986061938863"]
[EventDate "2024.12.27"]
[SourceTitle "Bristol_NY24_Fide_Open"]
[Source "David Tipper"]
[SourceDate "2025.02.16"]
[SourceVersion "1"]
[SourceVersionDate "2025.02.16"]
[SourceQuality "2"]

1. d4 Nf6 2. Nf3 d5 3. c4 e6 4. Bg5 Be7 5. e3 Nc6 6. Be2 O-O 7. O-O Re8 8. Nc3 Ne4 9. Bxe7 Qxe7 10. cxd5 Nxc3 11. bxc3 exd5 12. Qb3 Qe6 13. Ne1 Na5 14. Qb5 Nc4 15. Nd3 c6 16. Qa4 Qg6 17. Nf4 Qg5 18. Bxc4 dxc4 19. Qxc4 Be6 20. Nxe6 Rxe6 21. Rab1 Rg6 22. g3 Qh4 23. Rxb7 Qh3 24. Qxf7+ Kh8 25. Rfb1 Qc8 26. Qc7 Qxc7 27. Rxc7 h5 28. Rcb7 h4 29. Rb8+ Rxb8 30. Rxb8+ Kh7 31. Ra8 h3 32. Rxa7 Rd6 33. Ra5 Rd8 34. Rh5+ Kg6 35. Rxh3 Ra8 36. c4 Rxa2 37. c5 Kf5 38. Rh8 Kg4 39. Kg2 g5 40. Rh6 Ra8 41. Rxc6 Rf8 42. Re6 Rh8 43. Rf6 Rh5 44. f3# 1-0

[Event "1st Bristol NY Open Tournament"]
[Site "Bristol Bridge & Clifton Chess"]
[Date "2024.12.28"]
[Round "2.29"]
[White "Hinde, Stephen"]
[Black "Soleimani, Avina"]
[Result "0-1"]
[WhiteElo "1186"]
[BlackElo "1508"]
[PlyCount "67"]
[GameId "2136261138827283"]
[EventDate "2024.12.27"]
[SourceTitle "Bristol_NY24_Fide_Open"]
[Source "David Tipper"]
[SourceDate "2025.02.16"]
[SourceVersion "1"]
[SourceVersionDate "2025.02.16"]
[SourceQuality "2"]

1. e4 c5 2. Nf3 d6 3. d4 cxd4 4. Nxd4 Nf6 5. Nc3 g6 6. f3 Bg7 7. Be3 O-O 8. Qd2 Nc6 9. Nxc6 bxc6 10. Bh6 Be6 11. Bxg7 Kxg7 12. O-O-O Rb8 13. g4 Qa5 14. b3 Qa3+ 15. Kb1 c5 16. Qc1 Qa5 17. Nd5 Nxd5 18. exd5 Bd7 19. Bc4 Bb5 20. Bxb5 Rxb5 21. c4 Rb6 22. Qc2 Kg8 23. Qe2 Rfb8 24. Rd3 Qa4 25. h4 Qxc4 26. Rc1 Qa4 27. Rc4 Qxc4 28. Qd1 a5 29. Ka1 Qb4 30. Qb1 c4 31. Re3 cxb3 32. Rxb3 Qd4+ 33. Qb2 Qxb2+ 34. Kxb2 0-1

[Event "1st Bristol NY Open Tournament"]
[Site "Bristol Bridge & Clifton Chess"]
[Date "2024.12.28"]
[Round "3.1"]
[White "Arkell, Keith C"]
[Black "Baer, Bruce L"]
[Result "0-1"]
[WhiteElo "2355"]
[BlackElo "1959"]
[PlyCount "80"]
[GameId "2137718545416368"]
[EventDate "2024.12.27"]
[SourceTitle "Bristol_NY24_Fide_Open"]
[Source "David Tipper"]
[SourceDate "2025.02.16"]
[SourceVersion "1"]
[SourceVersionDate "2025.02.16"]
[SourceQuality "2"]

1. Nf3 d6 2. d4 g6 3. c4 Bg7 4. Nc3 Nd7 5. d5 Bxc3+ 6. bxc3 f5 7. e4 fxe4 8. Ng5 Nc5 9. Be3 Nf6 10. h4 h6 11. Nh3 Bxh3 12. Rxh3 Qd7 13. Rg3 O-O-O 14. Rxg6 Kb8 15. h5 Rdg8 16. Rxg8+ Rxg8 17. Bxh6 Ng4 18. Qd2 Qf5 19. Be3 Nxe3 20. Qxe3 Qxh5 21. Kd2 Qe8 22. Kc2 a5 23. g3 Rf8 24. Re1 Rf3 25. Qd2 Qf7 26. Re2 Qf5 27. Kb2 Na4+ 28. Kb3 Rxc3+ 29. Qxc3 Nxc3 30. Kxc3 Qf3+ 31. Kd2 Qd3+ 32. Kc1 Qxc4+ 33. Kb2 a4 34. g4 Qd4+ 35. Kc2 Qd3+ 36. Kc1 a3 37. g5 Qxd5 38. g6 Qg5+ 39. Kc2 Qxg6 40. Kb3 Qg1 0-1

[Event "1st Bristol NY Open Tournament"]
[Site "Bristol Bridge & Clifton Chess"]
[Date "2024.12.28"]
[Round "3.2"]
[White "Davis, Colin J"]
[Black "Hill, Andy"]
[Result "0-1"]
[WhiteElo "2063"]
[BlackElo "1965"]
[PlyCount "87"]
[GameId "2137724560631707"]
[EventDate "2024.12.27"]
[SourceTitle "Bristol_NY24_Fide_Open"]
[Source "David Tipper"]
[SourceDate "2025.02.16"]
[SourceVersion "1"]
[SourceVersionDate "2025.02.16"]
[SourceQuality "2"]

{[%evp 0,53,20,22,17,1,0,3,15,-11,-7,-5,3,17,27,19,29,69,48,29,-30,25,26,35,28,26,40,54,65,-17,26,30,96,66,92,49,85,117,136,107,125,144,137,120,122,101,175,168,-63,155,148,118,118,161,146,156]} 1. Nf3 Nf6 2. b3 g6 3. Bb2 Bg7 4. g3 O-O 5. Bg2 d6 6. d4 Nbd7 7. O-O c6 8. c4 Ne4 9. Nbd2 Nxd2 10. Qxd2 Nf6 11. Rfe1 Ne4 12. Qc2 f5 13. e3 Qc7 14. d5 Bxb2 15. Qxb2 c5 16. Nd2 Nxd2 17. Qxd2 Rb8 18. e4 a6 19. Qg5 Rf7 20. h4 b5 21. Re3 bxc4 22. bxc4 e5 23. dxe6 Bxe6 24. h5 Kg7 25. exf5 Rxf5 26. h6+ Kg8 27. Qh4 g5 28. Qh1 Bxc4 29. Rae1 Qf7 30. Be4 Re5 31. Qg2 Rb2 32. Bxh7+ Kxh7 33. Rxe5 dxe5 34. Qe4+ Kxh6 35. Qc6+ Kh5 36. g4+ Kxg4 37. Qxc5 Bd3 38. Qe3 Qf3 39. Qa7 Rb7 40. Qc5 Rb2 41. Qc8+ Bf5 42. Qc4+ e4 43. Rxe4+ Bxe4 44. Qe6+ 0-1

[Event "1st Bristol NY Open Tournament"]
[Site "Bristol Bridge & Clifton Chess"]
[Date "2024.12.28"]
[Round "3.3"]
[White "Varley, Joe"]
[Black "Stubbs, Oliver"]
[Result "0-1"]
[WhiteElo "1927"]
[BlackElo "2173"]
[PlyCount "52"]
[GameId "2137723792361347"]
[EventDate "2024.12.27"]
[SourceTitle "Bristol_NY24_Fide_Open"]
[Source "David Tipper"]
[SourceDate "2025.02.16"]
[SourceVersion "1"]
[SourceVersionDate "2025.02.16"]
[SourceQuality "2"]

1. e4 e6 2. d4 d5 3. Nd2 c5 4. exd5 Qxd5 5. Ngf3 cxd4 6. Bc4 Qd6 7. O-O Nf6 8. Nb3 Nc6 9. Nbxd4 Nxd4 10. Nxd4 Be7 11. c3 O-O 12. Qf3 Qc7 13. Bb3 a5 14. Bc2 Rd8 15. Bg5 Rxd4 16. cxd4 Qxc2 17. Rac1 Qa4 18. Rfd1 Qd7 19. Rc2 Nd5 20. Bxe7 Qxe7 21. Re1 Qd8 22. Qb3 Rb8 23. Re4 Bd7 24. Rg4 Bc6 25. Qg3 g6 26. h4 Nf6 0-1

[Event "1st Bristol NY Open Tournament"]
[Site "Bristol Bridge & Clifton Chess"]
[Date "2024.12.28"]
[Round "3.4"]
[White "Shepherd, Tom"]
[Black "Kett, Tim"]
[Result "1/2-1/2"]
[WhiteElo "1900"]
[BlackElo "2114"]
[PlyCount "79"]
[GameId "2137724608702388"]
[EventDate "2024.12.27"]
[SourceTitle "Bristol_NY24_Fide_Open"]
[Source "David Tipper"]
[SourceDate "2025.02.16"]
[SourceVersion "1"]
[SourceVersionDate "2025.02.16"]
[SourceQuality "2"]

1. d4 Nf6 2. Nf3 d5 3. c4 e6 4. cxd5 exd5 5. Nc3 c6 6. Qc2 g6 7. Bg5 Be7 8. e3 Bf5 9. Bd3 Bxd3 10. Qxd3 Nbd7 11. Bh6 Ng4 12. Bf4 O-O 13. h3 Ngf6 14. O-O Re8 15. Rab1 a5 16. Qc2 Bf8 17. Ne1 Ne4 18. Nd3 Ndf6 19. a3 Bd6 20. Bxd6 Nxd6 21. Na4 Nfe4 22. Nac5 Rc8 23. Rfc1 Qg5 24. b4 Nc4 25. Nxe4 Rxe4 26. Qc3 axb4 27. Rxb4 Re7 28. Rcb1 b5 29. a4 bxa4 30. Rxa4 Rce8 31. Ne5 Nxe5 32. dxe5 Qxe5 33. Qxc6 Rc7 34. Qb5 Rec8 35. Rd4 Rc5 36. Qe2 Rc1+ 37. Rd1 Rxb1 38. Rxb1 d4 39. Re1 dxe3 40. Qxe3 1/2-1/2

[Event "1st Bristol NY Open Tournament"]
[Site "Bristol Bridge & Clifton Chess"]
[Date "2024.12.28"]
[Round "3.5"]
[White "Beaumont, Chris R"]
[Black "Gillings, Matt"]
[Result "1-0"]
[WhiteElo "2161"]
[BlackElo "1958"]
[PlyCount "123"]
[GameId "2137725878499266"]
[EventDate "2024.12.27"]
[SourceTitle "Bristol_NY24_Fide_Open"]
[Source "David Tipper"]
[SourceDate "2025.02.16"]
[SourceVersion "1"]
[SourceVersionDate "2025.02.16"]
[SourceQuality "2"]

{[%evp 0,31,17,25,0,0,-114,12,22,13,14,17,22,24,27,26,33,16,14,7,0,12,29,48,13,-9,45,35,-4,-8,-3,-22,-7,9]} 1. c4 e5 2. g3 Nf6 3. Bg2 d5 4. cxd5 Nxd5 5. Nc3 Nb6 6. Nf3 Nc6 7. O-O Be7 8. d3 O-O 9. Be3 Be6 10. Rc1 Nd5 11. Bd2 Qd7 12. Ne4 Rfd8 13. Nc5 Bxc5 14. Rxc5 f6 15. Re1 Nce7 16. b4 c6 17. Qb1 Nc7 18. a4 a6 19. Rcc1 Ned5 20. d4 e4 21. Qxe4 Bf5 22. Qh4 Ne7 23. h3 g5 24. Qh6 Bg6 25. e4 Ne6 26. Bc3 Kf7 27. d5 cxd5 28. exd5 Qxd5 29. Ne5+ Qxe5 30. Rxe5 fxe5 31. Be4 Bxe4 32. Qh5+ Bg6 33. Qf3+ Kg8 34. Qxb7 Nd4 35. Bxd4 exd4 36. Qxe7 Re8 37. Qxg5 Rad8 38. Rc7 Rd6 39. Qf4 Red8 40. Qe5 R6d7 41. Qe6+ Rf7 42. Rc8 Rxc8 43. Qxc8+ Kg7 44. Qd8 d3 45. Qd4+ Kf8 46. Qd8+ Kg7 47. Qd4+ Kf8 48. b5 axb5 49. axb5 Ke8 50. Qh8+ Kd7 51. Qc3 Re7 52. b6 Kd8 53. Qa5 Kc8 54. Qa8+ Kd7 55. b7 Re1+ 56. Kh2 Be4 57. Qc8+ Ke7 58. Qc7+ Ke6 59. g4 d2 60. b8=Q d1=Q 61. Qe5+ Kf7 62. Qbe8# 1-0

[Event "1st Bristol NY Open Tournament"]
[Site "Bristol Bridge & Clifton Chess"]
[Date "2024.12.28"]
[Round "3.6"]
[White "Guilfoyle, John M"]
[Black "Bicknell, Carl"]
[Result "1-0"]
[WhiteElo "1983"]
[BlackElo "2101"]
[PlyCount "45"]
[GameId "2137728443574766"]
[EventDate "2024.12.27"]
[SourceTitle "Bristol_NY24_Fide_Open"]
[Source "David Tipper"]
[SourceDate "2025.02.16"]
[SourceVersion "1"]
[SourceVersionDate "2025.02.16"]
[SourceQuality "2"]

1. d4 Nf6 2. c4 c5 3. d5 b5 4. Nf3 Bb7 5. cxb5 Nxd5 6. e4 Nf6 7. e5 Ne4 8. Nc3 Qa5 9. Qc2 d5 10. exd6 exd6 11. Be2 Be7 12. O-O Nxc3 13. bxc3 Nd7 14. c4 Ne5 15. Nxe5 dxe5 16. Bb2 Qc7 17. Rad1 O-O 18. Qf5 f6 19. Rd7 Qc8 20. Qe6+ Rf7 21. Rxe7 Qxe6 22. Rxe6 Rd7 23. Bf3 1-0

[Event "1st Bristol NY Open Tournament"]
[Site "Bristol Bridge & Clifton Chess"]
[Date "2024.12.28"]
[Round "3.7"]
[White "Ashworth, Michael J"]
[Black "Miller, George I"]
[Result "1-0"]
[WhiteElo "2011"]
[BlackElo "1881"]
[PlyCount "87"]
[GameId "2137729543301838"]
[EventDate "2024.12.27"]
[SourceTitle "Bristol_NY24_Fide_Open"]
[Source "David Tipper"]
[SourceDate "2025.02.16"]
[SourceVersion "1"]
[SourceVersionDate "2025.02.16"]
[SourceQuality "2"]

1. d4 d5 2. c4 e6 3. Nc3 c5 4. cxd5 exd5 5. Nf3 Nc6 6. g3 Nf6 7. Bg2 cxd4 8. Nxd4 Qb6 9. Nxc6 bxc6 10. O-O Be7 11. Qc2 O-O 12. Na4 Qb5 13. Be3 Re8 14. Rac1 Bd7 15. Nc3 Qa5 16. Rfd1 Rab8 17. Bd4 Qb4 18. Bxa7 Rb7 19. Bd4 Qxb2 20. Nxd5 Qa3 21. Nxe7+ Qxe7 22. Bf3 Ng4 23. Qc5 Qe6 24. Qg5 f6 25. Qf4 Ne5 26. Bxe5 fxe5 27. Qc4 Ra7 28. Qxe6+ Rxe6 29. Bg4 Re7 30. Bxd7 Rexd7 31. Rxd7 Rxd7 32. Rxc6 Rd2 33. e3 Kf7 34. a4 Ra2 35. Ra6 e4 36. a5 h6 37. g4 g5 38. Rxh6 Rxa5 39. Kg2 Ra2 40. Rb6 Ra5 41. Kg3 Rc5 42. h4 gxh4+ 43. Kxh4 Rc2 44. Kg3 1-0

[Event "1st Bristol NY Open Tournament"]
[Site "Bristol Bridge & Clifton Chess"]
[Date "2024.12.28"]
[Round "3.8"]
[White "Ashworth, Robert M"]
[Black "Chua, Sebastien"]
[Result "1/2-1/2"]
[WhiteElo "1860"]
[BlackElo "2003"]
[PlyCount "113"]
[GameId "2137730914102143"]
[EventDate "2024.12.27"]
[SourceTitle "Bristol_NY24_Fide_Open"]
[Source "David Tipper"]
[SourceDate "2025.02.16"]
[SourceVersion "1"]
[SourceVersionDate "2025.02.16"]
[SourceQuality "2"]

1. e4 c5 2. Nf3 a6 3. c3 e6 4. d4 d5 5. exd5 exd5 6. a4 Nc6 7. Be3 cxd4 8. Nxd4 Nf6 9. Be2 Bd6 10. O-O O-O 11. Nd2 Re8 12. h3 Ne5 13. Qc2 Ng6 14. Bd3 Nf4 15. Bf5 g6 16. Bxc8 Rxc8 17. Rfe1 Qd7 18. Bxf4 Bxf4 19. N2f3 Ne4 20. Rad1 h5 21. Ne2 Bb8 22. Qb3 Ba7 23. Ned4 Nc5 24. Qa2 Bb8 25. a5 Ne4 26. Nc2 Ba7 27. Ne3 Nf6 28. Nxd5 Nxd5 29. Qxd5 Qxd5 30. Rxd5 Rxe1+ 31. Nxe1 Re8 32. Kf1 Re7 33. Nf3 Kg7 34. Re5 Kf6 35. Rxe7 Kxe7 36. Ke2 f5 37. Nd4 Kf6 38. f4 Bb8 39. Kf3 Bc7 40. Nb3 Ke6 41. c4 Kd6 42. Ke3 Bd8 43. Kd3 Bh4 44. Nd4 Be1 45. Nb3 Bh4 46. Nd4 Kc5 47. Ne6+ Kb4 48. Nf8 Bf6 49. Nxg6 Bxb2 50. Ne7 Kxa5 51. Nxf5 Kb4 52. Nd4 a5 53. f5 Kc5 54. Nb3+ Kb4 55. Nd4 Kc5 56. Nb3+ Kb4 57. Nd4 1/2-1/2

[Event "1st Bristol NY Open Tournament"]
[Site "Bristol Bridge & Clifton Chess"]
[Date "2024.12.28"]
[Round "3.9"]
[White "Kumar, Yuvraj"]
[Black "Norris, Zack"]
[Result "1/2-1/2"]
[WhiteElo "1673"]
[BlackElo "1887"]
[PlyCount "92"]
[GameId "2137733135616928"]
[EventDate "2024.12.27"]
[SourceTitle "Bristol_NY24_Fide_Open"]
[Source "David Tipper"]
[SourceDate "2025.02.16"]
[SourceVersion "1"]
[SourceVersionDate "2025.02.16"]
[SourceQuality "2"]

1. Nf3 Nf6 2. g3 c5 3. Bg2 Nc6 4. O-O d5 5. d3 e5 6. e4 Be7 7. Nc3 d4 8. Ne2 O-O 9. Ne1 Bg4 10. f3 Be6 11. f4 exf4 12. gxf4 Bg4 13. Bf3 Qd7 14. f5 Bd6 15. Nf4 Ne5 16. Bxg4 Nexg4 17. h3 Ne5 18. Nh5 Nxh5 19. Qxh5 f6 20. Nf3 Qf7 21. Qxf7+ Nxf7 22. b3 b5 23. a4 a6 24. Bd2 Rfc8 25. Ra2 Rab8 26. Kg2 Ne5 27. Bf4 Rb6 28. Bxe5 fxe5 29. axb5 axb5 30. Rb1 h6 31. Nh4 Be7 32. Ng6 Bf6 33. Ra7 Rbc6 34. Ne7+ Bxe7 35. Rxe7 Ra6 36. Rb2 c4 37. bxc4 bxc4 38. Rbb7 cxd3 39. Rxg7+ Kh8 40. Rh7+ Kg8 41. Rhg7+ Kh8 42. Rh7+ Kg8 43. Rhg7+ Kf8 44. Rbf7+ Ke8 45. Re7+ Kf8 46. Ref7+ Ke8 1/2-1/2

[Event "1st Bristol NY Open Tournament"]
[Site "Bristol Bridge & Clifton Chess"]
[Date "2024.12.28"]
[Round "3.10"]
[White "Meek, Stephen J"]
[Black "Roberts, Shane"]
[Result "1-0"]
[WhiteElo "1962"]
[BlackElo "1806"]
[PlyCount "146"]
[GameId "2137734707325870"]
[EventDate "2024.12.27"]
[SourceTitle "Bristol_NY24_Fide_Open"]
[Source "David Tipper"]
[SourceDate "2025.02.16"]
[SourceVersion "1"]
[SourceVersionDate "2025.02.16"]
[SourceQuality "2"]

1. e4 d6 2. d4 Nf6 3. Nc3 g6 4. f4 Bg7 5. Nf3 O-O 6. e5 dxe5 7. fxe5 Nd5 8. Bc4 c6 9. Nxd5 cxd5 10. Bd3 Nc6 11. c3 f6 12. exf6 Bxf6 13. Bh6 Re8 14. O-O Bg4 15. h3 Bxf3 16. Qxf3 Qd6 17. Rae1 a6 18. Qg4 Nd8 19. Bxg6 Bxd4+ 20. Qxd4 Qxg6 21. Qxd5+ e6 22. Qd2 Nf7 23. Be3 Rad8 24. Qf2 Ne5 25. Qf6 Qxf6 26. Rxf6 Nc4 27. Bc1 Kg7 28. Rf4 Nd6 29. Rd4 Nf5 30. Rxd8 Rxd8 31. Bf4 Kf7 32. Re2 Ne7 33. Rd2 Rxd2 34. Bxd2 Kf6 35. Kf2 Kf5 36. Kf3 e5 37. g4+ Ke6 38. c4 Nc8 39. Bb4 Nb6 40. b3 Nd7 41. Ke4 Nf6+ 42. Kf3 Nd7 43. Bc3 Nf6 44. h4 Nd7 45. Bb4 Nf6 46. g5 Nd7 47. Kg4 b6 48. h5 a5 49. Ba3 Nb8 50. h6 Nd7 51. g6 Nf6+ 52. Kg5 Ne4+ 53. Kg4 Nf6+ 54. Kh4 hxg6 55. Kg5 Kf7 56. Bb2 Nh7+ 57. Kg4 Ke6 58. Bc1 Kd6 59. Be3 Kc6 60. Kf3 Nf6 61. Bg5 Nh7 62. Be7 Kd7 63. Bh4 Ke6 64. Bd8 Kf5 65. Bxb6 g5 66. Bxa5 e4+ 67. Kg3 g4 68. Bc3 Ng5 69. a4 e3 70. Bb4 Ne4+ 71. Kg2 Kg6 72. a5 Nd2 73. a6 e2 1-0

[Event "1st Bristol NY Open Tournament"]
[Site "Bristol Bridge & Clifton Chess"]
[Date "2024.12.28"]
[Round "3.11"]
[White "Pugh, Derek C"]
[Black "Kong, Emma"]
[Result "1-0"]
[WhiteElo "2033"]
[BlackElo "1772"]
[PlyCount "59"]
[GameId "2137736818703292"]
[EventDate "2024.12.27"]
[SourceTitle "Bristol_NY24_Fide_Open"]
[Source "David Tipper"]
[SourceDate "2025.02.16"]
[SourceVersion "1"]
[SourceVersionDate "2025.02.16"]
[SourceQuality "2"]

1. Nc3 e5 2. e4 Nf6 3. Bc4 Nc6 4. d3 Bb4 5. Nge2 Na5 6. a3 Bxc3+ 7. Nxc3 Nxc4 8. dxc4 h6 9. h3 b6 10. Be3 Bb7 11. Qd3 Nh5 12. O-O-O f5 13. exf5 Qe7 14. Nd5 Qd6 15. Qe2 Nf6 16. Nxb6 Qxd1+ 17. Rxd1 axb6 18. f4 d6 19. fxe5 dxe5 20. c5 O-O 21. cxb6 cxb6 22. Bxb6 Ra6 23. Qb5 Raa8 24. g4 Rfe8 25. h4 Kh8 26. g5 Ng4 27. Qd7 Bf3 28. Rd6 Rf8 29. f6 gxf6 30. g6 1-0

[Event "1st Bristol NY Open Tournament"]
[Site "Bristol Bridge & Clifton Chess"]
[Date "2024.12.28"]
[Round "3.12"]
[White "Ingham, H William"]
[Black "Dilleigh, Stephen P"]
[Result "0-1"]
[WhiteElo "1785"]
[BlackElo "2040"]
[PlyCount "96"]
[GameId "2137890375127167"]
[EventDate "2024.12.27"]
[SourceTitle "Bristol_NY24_Fide_Open"]
[Source "David Tipper"]
[SourceDate "2025.02.16"]
[SourceVersion "1"]
[SourceVersionDate "2025.02.16"]
[SourceQuality "2"]

{[%evp 0,49,17,34,8,13,-52,7,11,-3,-20,-7,-3,1,20,9,24,1,16,-17,-35,-12,-9,-14,-11,-34,-27,-34,-41,-53,-123,-86,-245,-122,-76,-201,-168,-133,-134,-133,-137,-144,-130,-165,-133,-156,-276,-169,-171,-185,-307,-208]} 1. d4 d5 2. Bf4 Nf6 3. e3 c5 4. c3 Nc6 5. Nd2 cxd4 6. cxd4 g6 7. Ngf3 Bg7 8. Be2 O-O 9. O-O Nh5 10. Bg5 h6 11. Bh4 g5 12. Ne1 Nf4 13. exf4 gxh4 14. Nb3 Qd6 15. g3 Bh3 16. Ng2 hxg3 17. fxg3 Qf6 18. Bg4 Bxg4 19. Qxg4 Nxd4 20. Nxd4 Qxd4+ 21. Kh1 Rac8 22. b3 Rc2 23. Qf3 Qe4 24. Qxe4 dxe4 25. Rae1 Rxa2 26. Rxe4 e6 27. Rb4 Rd8 28. Nh4 b6 29. Rc4 Rdd2 30. Nf3 Rdb2 31. b4 Bf8 32. f5 exf5 33. Rf4 Bxb4 34. Rxf5 Bc5 35. Rh5 Rf2 36. Rxf2 Rxf2 37. Ne5 a5 38. Ng4 Re2 39. Nxh6+ Kg7 40. Ng4 a4 41. Rg5+ Kf8 42. Nf6 Ke7 43. Nd5+ Kd6 44. Nc3 Re1+ 45. Kg2 a3 46. Rd5+ Kc6 47. Rd8 Rc1 48. Rd3 a2 0-1

[Event "1st Bristol NY Open Tournament"]
[Site "Bristol Bridge & Clifton Chess"]
[Date "2024.12.28"]
[Round "3.13"]
[White "Hill, Alistair"]
[Black "Plotnikov, Matvii"]
[Result "1-0"]
[WhiteElo "2107"]
[BlackElo "1640"]
[PlyCount "55"]
[GameId "2137892813664424"]
[EventDate "2024.12.27"]
[SourceTitle "Bristol_NY24_Fide_Open"]
[Source "David Tipper"]
[SourceDate "2025.02.16"]
[SourceVersion "1"]
[SourceVersionDate "2025.02.16"]
[SourceQuality "2"]

1. c4 f5 2. d4 Nf6 3. Nh3 e6 4. Bg5 Bb4+ 5. Nd2 b6 6. a3 Be7 7. Nf4 Bb7 8. e3 O-O 9. Nf3 Ne4 10. Bxe7 Qxe7 11. h4 d6 12. c5 bxc5 13. Qb3 Bc8 14. Bd3 Nf6 15. Bc4 Re8 16. dxc5 Kh8 17. cxd6 cxd6 18. Ng5 d5 19. Bb5 Rd8 20. Qb4 Qxb4+ 21. axb4 Kg8 22. Ngxe6 Bxe6 23. Nxe6 Rc8 24. Nd4 g6 25. O-O Nbd7 26. Ra6 Rc7 27. Rb1 Ng4 28. Ne6 1-0